书目信息 |
| 题名: |
普通话水平测试指要
|
|
| 作者: | 颜逸明 主编 ;范可育 编著 | |
| 分册: | ||
| 出版信息: | 上海 华东师范大学出版社 1995 |
|
| 页数: | 398页 | |
| 开本: | 20cm | |
| 丛书名: | ||
| 单 册: | ||
| 中图分类: | H102 | |
| 科图分类: | 41.2011 | |
| 主题词: | 普通话--自学参考资料 | |
| 电子资源: | ||
| ISBN: | 7-5617-1437-8 | |
| 000 | 00678nnam 2200229 45 | |
| 001 | 0196013609 | |
| 005 | 20070613110009.45 | |
| 010 | @a7-5617-1437-8@dCNY11.50 | |
| 100 | @a19950704d1995 em y0chiy0121 ea | |
| 101 | 0 | @achi |
| 102 | @aCN@b310000 | |
| 105 | @ay z 000yy | |
| 200 | 10 | @a普通话水平测试指要@APU TONG HUA SHUI PING CE SHI ZHI YAO@f颜逸明主编@FYAN YI MING ZHU BIAN@g范可育等编著 |
| 210 | @a上海@c华东师范大学出版社@d1995@h1999 | |
| 215 | @a398页@d20cm | |
| 606 | @a普通话@x自学参考资料 | |
| 690 | @aH102 | |
| 692 | @a41.2011 | |
| 701 | 0 | @a颜逸明@AYAN YI MING@4主编 |
| 702 | 0 | @a范可育@AFAN KE YU@4编著 |
| 801 | 0 | @aCN@bTSSF@c20070613 |
| 905 | @a10447@dH102@e131 | |
| 普通话水平测试指要/颜逸明主编/范可育等编著.-上海:华东师范大学出版社,1995(1999) |
| 398页;20cm |
| ISBN 7-5617-1437-8:CNY11.50 |
| ● |
| 相关链接 |
|
|
|
|
正题名:普通话水平测试指要
索取号:H102/131
 
预约/预借
| 序号 | 登录号 | 条形码 | 馆藏地/架位号 | 状态 | 备注 |
| 1 | 0636977 | 206369776 | 第二样本阅览室/ [索取号:H102/131] | 在馆 |